00433nam a2200169Ia 450000500170000000800410001702000220005804100120008008200150009210000160010724500290012325000080015226000340016050000080019465000490020270000120025120240823054133.0240823s9999||||xx |||||||||||||| ||und|| a978-93-83103-11-9 aENGLISH A658.562 Q6 aJayakumar V 0aTotal Quality Management a6th c2016bLakshmi Puplications Ch aYES aTotal Quality ManagementbManagement Studies a Raju R